<?xml version="1.0" encoding="UTF-8"?><?xml-stylesheet type="text/xsl" href="static/style.xsl"?><OAI-PMH xmlns="http://www.openarchives.org/OAI/2.0/" xmlns:xsi="http://www.w3.org/2001/XMLSchema-instance" xsi:schemaLocation="http://www.openarchives.org/OAI/2.0/ http://www.openarchives.org/OAI/2.0/OAI-PMH.xsd"><responseDate>2026-04-17T05:17:35Z</responseDate><request verb="GetRecord" identifier="oai:www.recercat.cat:10230/22656" metadataPrefix="marc">https://recercat.cat/oai/request</request><GetRecord><record><header><identifier>oai:recercat.cat:10230/22656</identifier><datestamp>2025-12-20T16:42:16Z</datestamp><setSpec>com_2072_6</setSpec><setSpec>col_2072_452952</setSpec></header><metadata><record xmlns="http://www.loc.gov/MARC21/slim" xmlns:dcterms="http://purl.org/dc/terms/" xmlns:xsi="http://www.w3.org/2001/XMLSchema-instance" xmlns:doc="http://www.lyncode.com/xoai" xsi:schemaLocation="http://www.loc.gov/MARC21/slim http://www.loc.gov/standards/marcxml/schema/MARC21slim.xsd">
   <leader>00925njm 22002777a 4500</leader>
   <datafield ind2=" " ind1=" " tag="042">
      <subfield code="a">dc</subfield>
   </datafield>
   <datafield ind2=" " ind1=" " tag="720">
      <subfield code="a">Mayor, Oscar</subfield>
      <subfield code="e">author</subfield>
   </datafield>
   <datafield ind2=" " ind1=" " tag="720">
      <subfield code="a">Llimona Torras, Quim</subfield>
      <subfield code="e">author</subfield>
   </datafield>
   <datafield ind2=" " ind1=" " tag="720">
      <subfield code="a">Marchini, Marco, 1984-</subfield>
      <subfield code="e">author</subfield>
   </datafield>
   <datafield ind2=" " ind1=" " tag="720">
      <subfield code="a">Papiotis, Panagiotis, 1985-</subfield>
      <subfield code="e">author</subfield>
   </datafield>
   <datafield ind2=" " ind1=" " tag="720">
      <subfield code="a">Maestre Gómez, Esteban</subfield>
      <subfield code="e">author</subfield>
   </datafield>
   <datafield ind2=" " ind1=" " tag="260">
      <subfield code="c">2014-09-03T09:20:39Z</subfield>
   </datafield>
   <datafield ind2=" " ind1=" " tag="260">
      <subfield code="c">2014-09-03T09:20:39Z</subfield>
   </datafield>
   <datafield ind2=" " ind1=" " tag="260">
      <subfield code="c">2013</subfield>
   </datafield>
   <datafield ind2=" " ind1=" " tag="520">
      <subfield code="a">In this technical demo we present repoVizz (http://repovizz.upf.edu), an integrated online system capable of structural formatting and remote storage, browsing, exchange, annotation, and visualization of synchronous multi-modal, time-aligned data. Motivated by a growing need for data-driven collaborative research, repoVizz aims to resolve commonly encountered difficulties in sharing or browsing large collections of multi-modal data. At its current state, repoVizz is designed to hold time-aligned streams of heterogeneous data: audio, video, motion capture, physiological signals, extracted descriptors, annotations, et cetera. Most popular formats for audio and video are supported, while Broadcast WAVE or CSV formats are adopted for streams other than audio or video (e.g., motion capture or physiological signals). The data itself is structured via customized XML files, allowing the user to (re-) organize multi-modal data in any hierarchical manner, as the XML structure only holds metadata and pointers to data files. Datasets are stored in an online database, allowing the user to interact with the data remotely through a powerful HTML5 visual interface accessible from any standard web browser; this feature can be considered a key aspect of repoVizz since data can be explored, annotated, or visualized from any location or device. Data exchange and upload/download is made easy and secure via a number of data conversion tools and a user/permission management system.</subfield>
   </datafield>
   <datafield ind2=" " ind1=" " tag="520">
      <subfield code="a">This work was partially supported by the EU FET-Open/nProject SIEMPRE (FP7-ICT-2009-C-250026) and the Catalan Government through an AGAUR Fellowship and TECNIO/ngrant (TECCIT12-1-0003) from ACC1Ó.</subfield>
   </datafield>
   <datafield tag="653" ind2=" " ind1=" ">
      <subfield code="a">Bases de dades</subfield>
   </datafield>
   <datafield tag="653" ind2=" " ind1=" ">
      <subfield code="a">Dades -- Emmagatzematge</subfield>
   </datafield>
   <datafield tag="653" ind2=" " ind1=" ">
      <subfield code="a">repository</subfield>
   </datafield>
   <datafield tag="653" ind2=" " ind1=" ">
      <subfield code="a">exchange</subfield>
   </datafield>
   <datafield tag="653" ind2=" " ind1=" ">
      <subfield code="a">remote</subfield>
   </datafield>
   <datafield tag="653" ind2=" " ind1=" ">
      <subfield code="a">HTML5</subfield>
   </datafield>
   <datafield tag="653" ind2=" " ind1=" ">
      <subfield code="a">multimodal</subfield>
   </datafield>
   <datafield ind2="0" ind1="0" tag="245">
      <subfield code="a">repoVizz: a framework for remote storage, browsing, annotation, and exchange of multi-modal data</subfield>
   </datafield>
</record></metadata></record></GetRecord></OAI-PMH>